Business Intelligence (Record no. 341951)
[ view plain ]
| 000 -LEADER | |
|---|---|
| fixed length control field | 00494nam a2200169Ia 4500 |
| 008 - FIXED-LENGTH DATA ELEMENTS--GENERAL INFORMATION | |
| fixed length control field | 230718s9999 xx 000 0 und d |
| 020 ## - INTERNATIONAL STANDARD BOOK NUMBER | |
| International Standard Book Number | 9788126541881 |
| 041 ## - LANGUAGE CODE | |
| Language code of text/sound track or separate title | eng |
| 082 ## - DEWEY DECIMAL CLASSIFICATION NUMBER | |
| Classification number | 658.0563 |
| Item number | VER |
| 100 ## - MAIN ENTRY--PERSONAL NAME | |
| Personal name | Vercellis C. |
| 9 (RLIN) | 116580 |
| 245 ## - TITLE STATEMENT | |
| Title | Business Intelligence |
| Remainder of title | Data Mining And Optimization For Decision Making |
| 260 ## - PUBLICATION, DISTRIBUTION, ETC. (IMPRINT) | |
| Date of publication, distribution, etc. | 2013 |
| Name of publisher, distributor, etc. | Wiley |
| 300 ## - PHYSICAL DESCRIPTION | |
| Extent | 417 |
| 365 ## - TRADE PRICE | |
| Currency code | Rs. |
| Price amount | 519.00 |
| 700 ## - ADDED ENTRY--PERSONAL NAME | |
| Personal name | Vercellis C. |
| 9 (RLIN) | 116580 |
| 906 ## - LOCAL DATA ELEMENT F, LDF (RLIN) | |
| d | O:0505227-Apr-2016B:275925-Apr-2016 |
| c | COMP |
| b | 726.6 |
| Withdrawn status | Lost status | Damaged status | Not for loan | Home library | Current library | Date acquired | Vendor | Budget Code | Cost, normal purchase price | Bill number | Total Checkouts | Full call number | Barcode | Date last seen | Discount | Cost, replacement price | Bill Date | Koha item type | Original Barcode |
|---|---|---|---|---|---|---|---|---|---|---|---|---|---|---|---|---|---|---|---|
| Cummins College of Engineering for Women Pune | Cummins College of Engineering for Women Pune | 27/04/2016 | Vaibhav Book House | COMP | 373.68 | 2759 | 658.0563 | CCEP-BK-53158 | 18/07/2023 | 726.6 | 519.00 | 25/04/2016 | Books | 053158 |